00557nam a22001577a 450000500170000001000150001702000260003203500140005803700130007208200110008510000200009624501020011626000430021827000930026130000450035420220726145058.0 aENG-133970 a9789383252244c625.00 aEN-117502 bDBAD/PUB a883.08 aSharma, Pritima aIndira Goswami and V.S. Naipaul:bA Comparative Study in Historical Perspectives/cPritima Sharma aGuwahatibEBH Publishers (india)c2017 bGuwahatia136, M.L. Nehru Road, Panbazare781001k9207045352measternbookhouse@gmail.com axvi;124p.c24cm(hb)bIndex, Bibliography